Sports Quiz

Random Sports or NBA Quiz

Golden State Warriors Winning 5s Quiz Stats

 Plays Quiz not verified by Sporcle

Score 0/30 Timer 05:00
0 Plays Today
% Correct
Stephen Curry
100%
Stephen Curry
100%
Kevin Durant
100%
Stephen Curry
100%
Kevin Durant
100%
Rick Barry
96.1%
Klay Thompson
91.7%
Draymond Green
91.7%
Klay Thompson
91.7%
Draymond Green
91.7%
Klay Thompson
91.7%
Draymond Green
91.7%
Harrison Barnes
66.7%
Andre Iguodala
58.3%
Andre Iguodala
58.3%
% Correct
Andre Iguodala
58.3%
Paul Arizin
56.9%
Joe Fulks
42.2%
Charles Johnson
41.2%
Neil Johnston
39.2%
Jamaal Wilkes
39.2%
Clifford Ray
30.4%
Butch Beard
26.5%
Tom Gola
20.6%
Jack George
7.8%
Joe Graboski
5.9%
George Senesky
4.9%
Howie Dallmar
4.9%
Art Hillhouse
3.9%
Angelo Musi
2.9%

You're not logged in!

Compare scores with friends on all Sporcle quizzes.
OR
Log In

Sporcle TV

Today on Sporcle TV


Watch our educational content, quiz creation guides, and fun videos on Sporcle TV.

Show Comments

Extras

Top Quizzes Today


Score Distribution

Your Account Isn't Verified!

In order to create a playlist on Sporcle, you need to verify the email address you used during registration. Go to your Sporcle Settings to finish the process.

Report this User

Report this user for behavior that violates our Community Guidelines.

Details: